Stationen der Westmünsterlandbahn (RB51) - Statistiken

Allgemein
  • Dieses Quiz wurde 14 mal gespielt
  • Das Durchschnittsergebnis liegt bei 8 aus 20
Antwortstatistiken
Stationen % Korrekt
Bork (Westf)
82%
Coesfeld (Westf)
73%
Dortmund Hbf
64%
Dülmen
64%
Ahaus
55%
Enschede
45%
Gronau (Westf)
45%
Lünen Hbf
45%
Dortmund Derne
36%
Dortmund Kirchderne
36%
Epe (Westf)
36%
Lette (Kr Coesfeld)
36%
Lüdinghausen
36%
Lünen-Preußen
36%
Selm
36%
Selm-Beifang
36%
Legden
27%
Rosendahl-Holtwick
27%
Enschede de Eschmarke
18%
Glanerburg
0%
Keine übereinstimmenden Quizze gefunden
Verteilung der Resultate
Anzahl Personen mit jedem Resultat
Perzentil nach korrekt beantworteten Fragen
Ihre Resultats-Entwicklung
Sie haben dieses Quiz noch nicht gespielt